Every Torchwood Story - Statistics

General Stats
  • This quiz has been taken 39 times
  • The average score is 23 of 41
Answer Stats
Series Answer % Correct
Series 1 Day One
84%
Series 3: Children of Earth Day One
84%
Series 3: Children of Earth Day Five
81%
Series 3: Children of Earth Day Four
81%
Series 3: Children of Earth Day Three
81%
Series 3: Children of Earth Day Two
81%
Series 1 Everything Changes
81%
Series 1 Cyberwoman
77%
Series 2 Meat
77%
Series 2 Adam
71%
Series 1 Captain Jack Harkness
71%
Series 1 Countrycide
71%
Series 2 Kiss Kiss, Bang Bang
71%
Series 2 Exit Wounds
65%
Series 2 Fragments
65%
Series 1 Greeks Bearing Gifts
65%
Series 2 Sleeper
61%
Series 2 Something Borrowed
61%
Series 1 Random Shoes
58%
Series 1 They Keep Killing Suzie
58%
Series 2 Adrift
55%
Series 1 Combat
55%
Series 2 Dead Man Walking
55%
Series 1 Ghost Machine
55%
Series 2 Reset
55%
Series 1 End of Days
52%
Series 1 Out of Time
52%
Series 1 Small Worlds
52%
Series 2 To the Last Man
48%
Series 4: Miracle Day Escape to L.A.
42%
Series 2 From Out of the Rain
42%
Series 4: Miracle Day Rendition
42%
Series 4: Miracle Day The Blood Line
39%
Series 4: Miracle Day The Categories of Life
39%
Series 2 A Day in Death
35%
Series 4: Miracle Day The New World
35%
Series 4: Miracle Day Immortal Sins
32%
Series 4: Miracle Day The Gathering
32%
Series 4: Miracle Day The Middle Men
32%
Series 4: Miracle Day Dead of Night
29%
Series 4: Miracle Day End of the Road
29%
No matching quizzes found
Score Distribution
Percent of People with Each Score
Percentile by Number Answered
Your Score History
You have not taken this quiz